[Event "25.Schlosspark-Open"]
[Site "Wiesbaden-Biebrich"]
[Date "2013.08.22"]
[Round "1.1"]
[White "Khenkin, Igor"]
[Black "Herda, Christoph"]
[Result "1-0"]
[WhiteElo "2605"]
[BlackElo "1917"]
[PlyCount "53"]
[EventDate "2013.??.??"]
[WhiteTeam "Wiesbadener SV 1885"]
[BlackTeam "SVG Lauterbach"]

1. d4 Nf6 2. c4 c5 3. d5 b5 4. cxb5 a6 5. bxa6 g6 6. Nc3 Bxa6 7. Nf3 d6 8. e4
Bxf1 9. Kxf1 Bg7 10. g3 O-O 11. Kg2 Qa5 12. Bd2 Nfd7 13. Qe2 Ne5 14. Nxe5 Bxe5
15. a4 Na6 16. Nb5 Qb6 17. Bc3 Bg7 18. Rhc1 Rfc8 19. Qc4 Rab8 20. Rab1 Bxc3 21.
bxc3 Nc7 22. Nd4 Qa6 23. Qxa6 Nxa6 24. Nc6 Rxb1 25. Rxb1 Kf8 26. Rb6 Nc7 27.
Rb7 1-0

[Event "25.Schlosspark-Open"]
[Site "Wiesbaden-Biebrich"]
[Date "2013.08.22"]
[Round "1.2"]
[White "Fröhlich-Dill, Astrid"]
[Black "Milov, Leonid"]
[Result "0-1"]
[WhiteElo "1904"]
[BlackElo "2528"]
[PlyCount "60"]
[EventDate "2013.??.??"]
[WhiteTeam "SV 1920 Hofheim"]
[BlackTeam "SC Noris-Tarrasch Nürnberg 1873"]

1. d4 Nf6 2. c4 c5 3. d5 a6 4. Nc3 b5 5. a3 d6 6. e4 g6 7. f3 Bg7 8. Be3 O-O 9.
Qd2 bxc4 10. Bxc4 Nbd7 11. Nge2 Ne5 12. Ba2 a5 13. O-O Ba6 14. Rfd1 Nc4 15.
Bxc4 Bxc4 16. a4 Qb6 17. Rdc1 Rfb8 18. Rcb1 Nd7 19. Nc1 Qc7 20. b3 Ba6 21. Ra2
Rb7 22. f4 Rab8 23. Rc2 Rb4 24. f5 Ne5 25. Qd1 Qd7 26. fxg6 hxg6 27. h3 c4 28.
N3a2 cxb3 29. Nxb4 bxc2 30. Qxc2 axb4 0-1

[Event "25.Schlosspark-Open"]
[Site "Wiesbaden-Biebrich"]
[Date "2013.08.22"]
[Round "1.3"]
[White "Meijers, Viesturs"]
[Black "Gauer, Jakob"]
[Result "1-0"]
[WhiteElo "2470"]
[BlackElo "1898"]
[PlyCount "55"]
[EventDate "2013.??.??"]
[WhiteTeam "ESV Nickelhütte Aue"]
[BlackTeam "SC Ostfildern 1952 e.V."]

1. e4 e5 2. Nf3 Nc6 3. Bb5 a6 4. Bxc6 dxc6 5. O-O f6 6. d4 exd4 7. Nxd4 c5 8.
Nb3 Qxd1 9. Rxd1 Bd6 10. Nc3 Ne7 11. Na5 O-O 12. Nc4 Be5 13. Nxe5 fxe5 14. Nd5
Nxd5 15. Rxd5 Re8 16. Rxc5 c6 17. b3 b6 18. Rxc6 Bb7 19. Rxb6 Bxe4 20. c4 Bf5
21. Bb2 Re7 22. Rd1 e4 23. Rd5 Rd7 24. Rxd7 Bxd7 25. h3 Ra7 26. Bd4 Kf7 27. Rd6
Ke7 28. Rd5 1-0

[Event "25.Schlosspark-Open"]
[Site "Wiesbaden-Biebrich"]
[Date "2013.08.22"]
[Round "1.4"]
[White "Lanz, Udo"]
[Black "Schmittdiel, Eckhard"]
[Result "0-1"]
[WhiteElo "1896"]
[BlackElo "2435"]
[PlyCount "44"]
[EventDate "2013.??.??"]
[WhiteTeam "SC Eberbach"]
[BlackTeam "SC Hansa Dortmund e.V."]

1. d4 Nf6 2. c4 e6 3. Nc3 Bb4 4. e3 O-O 5. Qc2 b6 6. f3 c5 7. Bd3 d5 8. Nge2
Nc6 9. dxc5 bxc5 10. O-O Ne5 11. Rd1 Ba6 12. b3 Qe7 13. Nb5 Nxd3 14. Rxd3 e5
15. Ng3 Rad8 16. a4 e4 17. fxe4 dxc4 18. Rxd8 Rxd8 19. bxc4 Ng4 20. Qe2 Bc8 21.
Nf5 Bxf5 22. exf5 Qe5 0-1

[Event "25.Schlosspark-Open"]
[Site "Wiesbaden-Biebrich"]
[Date "2013.08.22"]
[Round "1.5"]
[White "Boidman, Yuri"]
[Black "Bangert, Udo"]
[Result "1-0"]
[WhiteElo "2403"]
[BlackElo "1895"]
[PlyCount "41"]
[EventDate "2013.??.??"]
[WhiteTeam "SC Heimbach-Weis/Neuwied"]
[BlackTeam "SG Stern Stuttgart"]

1. e4 c5 2. Nf3 Nc6 3. Bb5 d6 4. d4 cxd4 5. Qxd4 Bd7 6. Bxc6 Bxc6 7. Nc3 Nf6 8.
Bg5 e6 9. O-O-O h6 10. Bh4 Be7 11. Qd3 Qd7 12. Nd4 O-O-O 13. f3 Kb8 14. Bf2 Ne8
15. Ncb5 Bxb5 16. Nxb5 a6 17. Nc3 Qc6 18. Qd4 Rg8 19. Na4 Rc8 20. Qa7+ Kc7 21.
Bb6+ 1-0

[Event "25.Schlosspark-Open"]
[Site "Wiesbaden-Biebrich"]
[Date "2013.08.22"]
[Round "1.6"]
[White "Paschmann, Stefan"]
[Black "Müller, Ralf"]
[Result "0-1"]
[WhiteElo "1886"]
[BlackElo "2395"]
[PlyCount "50"]
[EventDate "2013.??.??"]
[WhiteTeam "Krefelder SK Turm 1851 e"]
[BlackTeam "SG Stern Stuttgart"]

1. d4 Nf6 2. Nf3 g6 3. Nc3 d5 4. Bf4 Nh5 5. Bg5 Bg7 6. e3 c5 7. Be2 h6 8. Bh4
g5 9. Ne5 cxd4 10. exd4 Bxe5 11. Bxh5 gxh4 12. dxe5 d4 13. Qf3 Be6 14. O-O-O
Nc6 15. Nb5 Qb6 16. Qe2 O-O-O 17. a4 a6 18. Na3 Rhg8 19. f4 Nb4 20. Kb1 Kb8 21.
Bf3 Nd5 22. Bxd5 Bxd5 23. Rhg1 h3 24. gxh3 Rxg1 25. Rxg1 d3 0-1

[Event "25.Schlosspark-Open"]
[Site "Wiesbaden-Biebrich"]
[Date "2013.08.22"]
[Round "1.7"]
[White "Carow, Johannes"]
[Black "Beck, Andreas"]
[Result "1-0"]
[WhiteElo "2355"]
[BlackElo "1884"]
[PlyCount "79"]
[EventDate "2013.??.??"]
[WhiteTeam "Sfr.Heidesheim"]
[BlackTeam "TSV Germania 1900 Malschenberg"]

1. d4 Nf6 2. c4 e6 3. Nc3 Bb4 4. a3 Bxc3+ 5. bxc3 c5 6. e3 O-O 7. Bd3 Nc6 8.
Ne2 d6 9. O-O e5 10. f3 Ne8 11. e4 f5 12. exf5 Bxf5 13. Bxf5 Rxf5 14. Qd3 Rf8
15. d5 Na5 16. Ng3 Nb3 17. Ra2 Nxc1 18. Rxc1 Nf6 19. Rb1 b6 20. a4 a5 21. Rab2
Rb8 22. Qf5 Re8 23. Qg5 e4 24. f4 Kf7 25. Nf5 g6 26. Ne3 Nd7 27. Qh6 Kg8 28.
Qh3 Rb7 29. Rf1 Qf6 30. Ng4 Qg7 31. f5 Nf6 32. Nh6+ Kh8 33. fxg6 Qxg6 34. Rbf2
Rf8 35. Qh4 Kg7 36. Nf5+ Kh8 37. Nxd6 Rg7 38. g3 Rfg8 39. Rxf6 Qg5 40. Qxg5 1-0

[Event "25.Schlosspark-Open"]
[Site "Wiesbaden-Biebrich"]
[Date "2013.08.22"]
[Round "1.8"]
[White "Launert, Martin"]
[Black "Mensch, Etienne"]
[Result "0-1"]
[WhiteElo "1882"]
[BlackElo "2345"]
[PlyCount "112"]
[EventDate "2013.??.??"]
[WhiteTeam "Sfr.Erbach"]
[BlackTeam "SK Freiburg-Wiehre 2000 e.V."]

1. e4 c5 2. Nf3 Nc6 3. d4 cxd4 4. Nxd4 g6 5. Nxc6 bxc6 6. Qd4 Nf6 7. e5 Nd5 8.
e6 f6 9. exd7+ Bxd7 10. Nc3 e5 11. Qc4 Nb6 12. Qe4 Bg7 13. Bc4 f5 14. Qe2 Nxc4
15. Qxc4 Qe7 16. Be3 Qe6 17. Qb4 Kf7 18. Qb3 Rhb8 19. Qxe6+ Bxe6 20. b3 e4 21.
Bd2 a5 22. Rd1 c5 23. O-O c4 24. Na4 Rb5 25. Be3 Ra6 26. Bd4 Bf8 27. f3 exf3
28. Rxf3 Rc6 29. Nc3 Rb7 30. Rh3 h6 31. Na4 Rd7 32. Rd2 g5 33. Rf3 Rcd6 34. c3
Bg7 35. Nc5 Rxd4 36. cxd4 Bxd4+ 37. Rxd4 Rxd4 38. Nxe6 Kxe6 39. bxc4 Rxc4 40.
Re3+ Kd5 41. Re2 Kd4 42. Kf2 Rc3 43. Rd2+ Rd3 44. Rc2 f4 45. Rb2 g4 46. a4 Ra3
47. Rd2+ Ke4 48. Rd6 h5 49. Rh6 Rxa4 50. Rxh5 Ra2+ 51. Kf1 a4 52. h4 a3 53. Ra5
g3 54. h5 Rf2+ 55. Kg1 Rb2 56. Kf1 a2 0-1

[Event "25.Schlosspark-Open"]
[Site "Wiesbaden-Biebrich"]
[Date "2013.08.22"]
[Round "1.9"]
[White "Junesch, Gerhard"]
[Black "Thomele, Michael"]
[Result "1-0"]
[WhiteElo "2323"]
[BlackElo "1882"]
[PlyCount "89"]
[EventDate "2013.??.??"]
[WhiteTeam "SC Erdmannhausen"]
[BlackTeam "SC 1959 Obernau"]

1. Nf3 Nf6 2. c4 d6 3. d4 c6 4. Nc3 Bf5 5. Nh4 Bd7 6. e4 e5 7. Nf3 Qc7 8. h3
Be7 9. Be3 O-O 10. Bd3 a6 11. O-O Be8 12. c5 Nbd7 13. cxd6 Bxd6 14. dxe5 Bxe5
15. Nxe5 Nxe5 16. Bc2 Bd7 17. f4 Nc4 18. Bd4 Rad8 19. Bxf6 gxf6 20. Qe2 Qb6+
21. Kh2 Qxb2 22. Na4 Qa3 23. Rf3 Qe7 24. Qxc4 b5 25. Qc5 Qxc5 26. Nxc5 Bc8 27.
Rg3+ Kh8 28. Bd3 Rd4 29. Rc1 Rfd8 30. Kg1 a5 31. Kf2 a4 32. Ke2 Rb4 33. Rc2
Rbd4 34. f5 R4d6 35. h4 Re8 36. Kf2 Re5 37. Re3 Kg7 38. g4 h6 39. Be2 Re7 40.
Kf3 Re5 41. Rd3 Rxd3+ 42. Nxd3 Re7 43. Nf4 Bb7 44. Nh5+ Kf8 45. Nxf6 1-0

[Event "25.Schlosspark-Open"]
[Site "Wiesbaden-Biebrich"]
[Date "2013.08.22"]
[Round "1.10"]
[White "Kiechl, Stefan"]
[Black "Gara, Anita"]
[Result "0-1"]
[WhiteElo "1876"]
[BlackElo "2299"]
[PlyCount "68"]
[EventDate "2013.??.??"]
[WhiteTeam "SK Kriegshaber"]
[BlackTeam "SV Großhansdorf"]

1. Nf3 g6 2. e4 c5 3. d3 Bg7 4. g3 Nc6 5. Bg2 d6 6. O-O Nf6 7. Nbd2 O-O 8. a4
Bd7 9. Nc4 Qc8 10. Nh4 Bh3 11. f4 Bxg2 12. Kxg2 d5 13. exd5 Nxd5 14. Qf3 Qd7
15. c3 Rad8 16. Rd1 Bf6 17. Ne3 Na5 18. d4 cxd4 19. Nxd5 Qxd5 20. Qxd5 Rxd5 21.
Nf3 Nb3 22. Rb1 Rc8 23. Be3 Rc4 24. cxd4 Rxa4 25. Rd3 Rb4 26. Rbd1 a5 27. Rc3
a4 28. f5 Kg7 29. fxg6 hxg6 30. Rc7 Na5 31. Rc2 Nc4 32. Bf2 Nxb2 33. Be1 Rbb5
34. Bc3 Nxd1 0-1

[Event "25.Schlosspark-Open"]
[Site "Wiesbaden-Biebrich"]
[Date "2013.08.22"]
[Round "1.11"]
[White "Karabalis, Harilos"]
[Black "Lukas, Sebastian"]
[Result "1-0"]
[WhiteElo "2275"]
[BlackElo "1872"]
[PlyCount "101"]
[EventDate "2013.??.??"]
[WhiteTeam "SC Brett vor'm Kopp Ffm"]
[BlackTeam "SC 1979 Hattersheim"]

1. e4 c5 2. Nf3 e6 3. d4 cxd4 4. Nxd4 Nc6 5. Nb5 d6 6. Bf4 e5 7. Be3 Nf6 8.
N1c3 a6 9. Na3 b5 10. Nd5 Rb8 11. Nxf6+ gxf6 12. Be2 f5 13. exf5 d5 14. c3 Bxf5
15. Nc2 b4 16. O-O bxc3 17. bxc3 Qa5 18. Bd2 Rb2 19. Nb4 Nxb4 20. cxb4 Bxb4 21.
Bxb4 Rxb4 22. Qd2 d4 23. Qg5 Bg6 24. f4 d3 25. Bf3 Qb6+ 26. Kh1 f6 27. Qh6 e4
28. f5 exf3 29. Rae1+ Kd8 30. Rxf3 Bxf5 31. Rxf5 Rb1 32. Rd5+ Kc8 33. Qh3+ Kb8
34. Qg3+ Kc8 35. Rxd3 Re8 36. Rc3+ Kb7 37. Rec1 Rxc1+ 38. Rxc1 Re7 39. Qd3 Ka7
40. h3 Rc7 41. Rb1 Qc6 42. Qd4+ Ka8 43. Rb6 Qc4 44. Qxc4 Rxc4 45. Rxa6+ Kb7 46.
Rxf6 h5 47. Rg6 Rc5 48. h4 Rc4 49. g3 Rc8 50. Kg2 Rc7 51. Rh6 1-0

[Event "25.Schlosspark-Open"]
[Site "Wiesbaden-Biebrich"]
[Date "2013.08.22"]
[Round "1.12"]
[White "Bolduan, Michael"]
[Black "Stockmann, Michael"]
[Result "0-1"]
[WhiteElo "1862"]
[BlackElo "2273"]
[PlyCount "54"]
[EventDate "2013.??.??"]
[WhiteTeam "SC Taunusstein 1966"]
[BlackTeam "Sfr. Schöneck"]

1. e4 d5 2. Nc3 d4 3. Nce2 e5 4. g3 c5 5. Bg2 Nc6 6. d3 h5 7. h4 Nh6 8. Nh3 Bd7
9. Bg5 Be7 10. Qd2 Ng4 11. Bxe7 Qxe7 12. a3 f6 13. O-O-O b5 14. f4 c4 15. dxc4
bxc4 16. fxe5 c3 17. Nxc3 dxc3 18. Qxc3 Ncxe5 19. Nf4 Rc8 20. Qb3 Nf2 21. Rd5
Nxh1 22. Bxh1 g5 23. hxg5 fxg5 24. Rxe5 Qxe5 25. Ng6 Qf6 26. Nxh8 Qxh8 27. Qd5
Qf6 0-1

[Event "25.Schlosspark-Open"]
[Site "Wiesbaden-Biebrich"]
[Date "2013.08.22"]
[Round "1.13"]
[White "Krenz, Valeriy"]
[Black "Keymer, Vincent"]
[Result "1-0"]
[WhiteElo "2263"]
[BlackElo "1861"]
[PlyCount "119"]
[EventDate "2013.??.??"]
[WhiteTeam "SAbt TuS Dotzheim"]
[BlackTeam "SK Gau-Algesheim"]

1. d4 d5 2. c4 c6 3. Nf3 Nf6 4. Qc2 e6 5. Bg5 Be7 6. e3 O-O 7. Nc3 h6 8. Bxf6
Bxf6 9. h4 Be7 10. g4 Nd7 11. g5 h5 12. g6 f5 13. O-O-O Nf6 14. Ne5 Bd7 15. Kb1
a6 16. Ne2 Ng4 17. Nf4 Qe8 18. Nxh5 Nxe5 19. dxe5 Qxg6 20. Be2 Qh6 21. Rdg1 Rf7
22. Nf4 Rff8 23. Rg6 Qh7 24. Rhg1 Kh8 25. h5 Rf7 26. Qc1 b5 27. c5 Re8 28. R1g2
Bf8 29. Qh1 Rc8 30. h6 gxh6 31. Nh5 f4 32. Bd3 f3 33. R2g3 Be8 34. Bc2 Rfc7 35.
Nf6 Bxg6 36. Nxh7 Bxc2+ 37. Kxc2 Kxh7 38. Qxf3 Bg7 39. Qh5 Re7 40. f4 Rf8 41.
Rg6 Rfe8 42. f5 exf5 43. Qxf5 Kh8 44. e6 Rf8 45. Qh5 Kh7 46. Kd3 Rf6 47. Rxf6
Bxf6 48. Qf5+ Kg7 49. e4 d4 50. e5 Bg5 51. Kxd4 a5 52. Ke4 a4 53. Kd3 Kg8 54.
Kc3 Kg7 55. Kb4 Bd2+ 56. Ka3 Bg5 57. Qd3 Rxe6 58. Qd7+ Be7 59. Qxe6 Bxc5+ 60.
b4 1-0

[Event "25.Schlosspark-Open"]
[Site "Wiesbaden-Biebrich"]
[Date "2013.08.22"]
[Round "1.14"]
[White "Wolf, Gabriel"]
[Black "Wenninger, Philipp"]
[Result "0-1"]
[WhiteElo "1859"]
[BlackElo "2229"]
[PlyCount "74"]
[EventDate "2013.??.??"]
[WhiteTeam "Vorw.Orient Mainz"]
[BlackTeam "Heilbronner SV"]

1. d4 c6 2. c4 d5 3. Nf3 Nf6 4. Nc3 a6 5. e3 b5 6. b3 Bg4 7. Be2 e6 8. O-O Nbd7
9. Nd2 Bf5 10. f3 Bg6 11. Re1 Bd6 12. e4 b4 13. Na4 dxe4 14. fxe4 Nxe4 15. Nxe4
Bxe4 16. Bf3 Bxf3 17. Qxf3 Qh4 18. g3 Qxd4+ 19. Be3 Ne5 20. Qxf7+ Kxf7 21. Rf1+
Nf3+ 22. Rxf3+ Qf6 23. Rxf6+ gxf6 24. Rf1 h5 25. Nb6 Rad8 26. c5 Bc7 27. Nc4
Rd5 28. Nb6 Bxb6 29. cxb6 c5 30. Rc1 Rc8 31. Rc4 a5 32. Kf2 Rc6 33. Bxc5 Rdxc5
34. b7 Rf5+ 35. Ke3 Rb6 36. Rc7+ Kg6 37. Kd4 Rfb5 0-1

[Event "25.Schlosspark-Open"]
[Site "Wiesbaden-Biebrich"]
[Date "2013.08.22"]
[Round "1.15"]
[White "Hahn, Markus"]
[Black "Hipler, Andreas"]
[Result "1-0"]
[WhiteElo "2239"]
[BlackElo "1858"]
[PlyCount "39"]
[EventDate "2013.??.??"]
[WhiteTeam "Kasseler SK 1876"]
[BlackTeam "SK Gau-Algesheim"]

1. d4 Nf6 2. c4 e6 3. g3 d5 4. Nf3 Bb4+ 5. Bd2 Bxd2+ 6. Nbxd2 O-O 7. Bg2 b6 8.
O-O Bb7 9. Qc2 Qe7 10. Rac1 Rc8 11. Ne5 c5 12. cxd5 Nxd5 13. dxc5 Rxc5 14. Qa4
Nc6 15. Rxc5 Qxc5 16. Nb3 Qd6 17. Nxc6 Bxc6 18. Qd4 Qb4 19. Rc1 Rc8 20. Bxd5
1-0

[Event "25.Schlosspark-Open"]
[Site "Wiesbaden-Biebrich"]
[Date "2013.08.22"]
[Round "1.16"]
[White "Rüll, Michael"]
[Black "Minor, Samuel"]
[Result "0-1"]
[WhiteElo "1854"]
[BlackElo "2230"]
[PlyCount "46"]
[EventDate "2013.??.??"]
[WhiteTeam "SC 1952 Obertshausen"]
[BlackTeam "Wiesbadener SV 1885"]

1. d4 Nf6 2. Bf4 d5 3. e3 c5 4. c3 Nc6 5. Nf3 Qb6 6. Qb3 c4 7. Qxb6 axb6 8. Na3
Bf5 9. Nh4 Bc8 10. Nb5 Ra5 11. a4 Na7 12. b4 cxb3 13. Bc7 b2 14. Rb1 Rxa4 15.
Nxa7 Rxa7 16. Rxb2 Ra1+ 17. Kd2 Ne4+ 18. Kc2 Bd7 19. Rxb6 e6 20. Rxb7 Ba3 21.
Rb8+ Ke7 22. Rxh8 Ba4+ 23. Kd3 Ra2 0-1

[Event "25.Schlosspark-Open"]
[Site "Wiesbaden-Biebrich"]
[Date "2013.08.22"]
[Round "1.17"]
[White "Nagel, Bernhard"]
[Black "Budde, Michael"]
[Result "1-0"]
[WhiteElo "2230"]
[BlackElo "1845"]
[PlyCount "73"]
[EventDate "2013.??.??"]
[WhiteTeam "Wiesbadener SV 1885"]
[BlackTeam "SC 1979 Hattersheim"]

1. c4 Nf6 2. Nf3 g6 3. Nc3 Bg7 4. g3 O-O 5. Bg2 d5 6. cxd5 Nxd5 7. O-O c6 8. d4
Nxc3 9. bxc3 Qa5 10. Bg5 Re8 11. Qd2 Nd7 12. e4 c5 13. Rac1 Nf6 14. Rfe1 Bg4
15. Ne5 Be6 16. d5 Red8 17. Qe2 Bd7 18. Nc4 Qa6 19. Ne3 Qxe2 20. Rxe2 h6 21.
Bxf6 Bxf6 22. f4 Bg7 23. e5 Rab8 24. Rb2 b5 25. Rcb1 Rb6 26. a4 a6 27. Nc4 Rbb8
28. Be4 h5 29. Na5 Rb6 30. Nc6 Bxc6 31. dxc6 Rdb8 32. axb5 axb5 33. Rxb5 Rxb5
34. Rxb5 Rc8 35. Rxc5 Kf8 36. c7 Ke8 37. Bc6+ 1-0

[Event "25.Schlosspark-Open"]
[Site "Wiesbaden-Biebrich"]
[Date "2013.08.22"]
[Round "1.18"]
[White "Englert, Fred"]
[Black "Puschendorf, Steffen"]
[Result "0-1"]
[WhiteElo "1841"]
[BlackElo "2220"]
[PlyCount "98"]
[EventDate "2013.??.??"]
[WhiteTeam "SK 1982 Klingenberg/Main"]
[BlackTeam "ESV Gera"]

1. c4 g6 2. g3 Bg7 3. Bg2 d6 4. Nf3 Nf6 5. Nc3 O-O 6. d4 Nbd7 7. O-O e5 8. e4
c6 9. h3 exd4 10. Nxd4 Qa5 11. a3 Ne5 12. Nb3 Qc7 13. c5 dxc5 14. Nxc5 b6 15.
Nb3 Ba6 16. f4 Rad8 17. Bd2 Bxf1 18. fxe5 Bxg2 19. exf6 Bxf6 20. Kxg2 Be5 21.
Qf3 Rd7 22. Rc1 Rfd8 23. Rc2 Qd6 24. Bg5 f6 25. Bf4 Qe6 26. Bxe5 fxe5 27. Na4
Rd3 28. Nac5 bxc5 29. Nxc5 Rd2+ 30. Kg1 Qf7 31. Qxf7+ Kxf7 32. Rc3 Rxb2 33. Nd3
Re2 34. Nxe5+ Kg7 35. Rc1 Rxe4 36. Ng4 Rd6 37. Kg2 h5 38. Nf2 Re3 39. a4 Ra3
40. Ne4 Re6 41. Rc4 a5 42. h4 Rb3 43. Nc5 Re2+ 44. Kf1 Rbb2 45. Nd3 Rbc2 46.
Rd4 Red2 47. Ke1 Rh2 48. Rd7+ Kh6 49. Kd1 Ra2 0-1

[Event "25.Schlosspark-Open"]
[Site "Wiesbaden-Biebrich"]
[Date "2013.08.22"]
[Round "1.19"]
[White "Commercon, Simon"]
[Black "Liez, Franziska"]
[Result "1-0"]
[WhiteElo "2183"]
[BlackElo "1841"]
[PlyCount "45"]
[EventDate "2013.??.??"]
[WhiteTeam "TSG Mutterstadt"]
[BlackTeam "Biebertaler SF"]

1. d4 Nf6 2. Bg5 e6 3. e4 Be7 4. e5 Nd5 5. Bd2 Nc6 6. Qg4 g6 7. Nc3 f5 8. exf6
Nxf6 9. Qh4 O-O 10. Nf3 Nh5 11. Qe4 Nf6 12. Qe2 b6 13. Bh6 Re8 14. O-O-O Nb4
15. Ne5 Bb7 16. h4 Nh5 17. Rh3 Bf8 18. Qxh5 d6 19. Nxg6 Bxh6+ 20. Qxh6 hxg6 21.
Qxg6+ Kh8 22. Qh6+ Kg8 23. Rg3+ 1-0

[Event "25.Schlosspark-Open"]
[Site "Wiesbaden-Biebrich"]
[Date "2013.08.22"]
[Round "1.20"]
[White "Bogucanin, Mirsad"]
[Black "Sobolevsky, Leonid"]
[Result "0-1"]
[WhiteElo "1837"]
[BlackElo "2182"]
[PlyCount "128"]
[EventDate "2013.??.??"]
[WhiteTeam "VSG 1880 Offenbach"]
[BlackTeam "Schachzirkel Elstertal Langenber"]

1. d4 Nf6 2. c4 e6 3. Nc3 Bb4 4. Qc2 O-O 5. Bg5 d6 6. Nf3 Nbd7 7. e3 h6 8. Bh4
e5 9. Be2 Bxc3+ 10. bxc3 Qe7 11. O-O Re8 12. Nd2 c5 13. Bf3 Nf8 14. Bd5 g5 15.
Bg3 Nxd5 16. cxd5 exd4 17. cxd4 b6 18. dxc5 bxc5 19. Nc4 Rd8 20. Na5 Qc7 21.
Nc6 Rd7 22. Rfc1 Bb7 23. Qf5 Qc8 24. Nd4 Qd8 25. Nf3 f6 26. Rab1 Rf7 27. Rc4
Ba6 28. Ra4 Bc8 29. Qc2 f5 30. h4 f4 31. Bh2 g4 32. Nd2 g3 33. fxg3 fxe3 34.
Ne4 Bf5 35. Rf1 Bg6 36. Rxf7 Kxf7 37. Qe2 Rb8 38. Qf3+ Kg8 39. Kh1 Qe7 40. h5
Bh7 41. Bg1 Nd7 42. Qg4+ Kh8 43. Bxe3 Nb6 44. Bxh6 Nxa4 45. Bg5 Rg8 46. Nf6
Rxg5 47. Qxg5 Nb6 48. Nxh7 Qxh7 49. Qf6+ Kg8 50. Qxd6 Qxh5+ 51. Kg1 Qxd5 52.
Qb8+ Kf7 53. Qxa7+ Nd7 54. Qa3 Qd4+ 55. Kh2 c4 56. Qf3+ Nf6 57. a4 c3 58. Qb7+
Kg6 59. Qc8 Qd2 60. g4 c2 61. Qf5+ Kg7 62. g5 Ng4+ 63. Qxg4 c1=Q 64. Qf5 Qf4+
0-1

[Event "25.Schlosspark-Open"]
[Site "Wiesbaden-Biebrich"]
[Date "2013.08.22"]
[Round "1.21"]
[White "Kayser, Felix"]
[Black "Goldschmidt, Andreas"]
[Result "1-0"]
[WhiteElo "2179"]
[BlackElo "1836"]
[PlyCount "103"]
[EventDate "2013.??.??"]
[WhiteTeam "Wiesbadener SV 1885"]
[BlackTeam "SC 1953 Ronneburg"]

1. e4 e6 2. Nc3 d5 3. Nf3 c5 4. exd5 exd5 5. d4 Nc6 6. Bb5 Nf6 7. Ne5 Bd7 8.
Nxd7 Qxd7 9. O-O cxd4 10. Re1+ Be7 11. Ne2 O-O 12. Nxd4 Rac8 13. c3 Ne4 14.
Nxc6 bxc6 15. Ba6 Rcd8 16. Be3 f5 17. f3 Nc5 18. Bf1 f4 19. Bf2 Ne6 20. Qe2 Rf6
21. b4 Rh6 22. Rad1 Re8 23. Qa6 Bf6 24. Qd3 Bh4 25. Bxh4 Rxh4 26. Qf5 Rh6 27.
b5 Qe7 28. bxc6 Qc5+ 29. Kh1 Qxc6 30. Qxd5 Qxc3 31. Bc4 Qf6 32. Qd7 Qe7 33. h3
Kf8 34. Re4 Qxd7 35. Rxd7 Re7 36. Bxe6 Rhxe6 37. Rd8+ Re8 38. Rxf4+ Ke7 39.
Rxe8+ Kxe8 40. Re4 Rxe4 41. fxe4 Ke7 42. Kg1 Ke6 43. Kf2 Ke5 44. Ke3 h6 45. h4
g5 46. hxg5 hxg5 47. g4 a6 48. a3 a5 49. a4 Ke6 50. Kd4 Kd6 51. e5+ Ke6 52. Ke4
1-0

[Event "25.Schlosspark-Open"]
[Site "Wiesbaden-Biebrich"]
[Date "2013.08.22"]
[Round "1.22"]
[White "Koch, Thomas"]
[Black "Stimpel, Franz"]
[Result "0-1"]
[WhiteElo "1836"]
[BlackElo "2175"]
[PlyCount "66"]
[EventDate "2013.??.??"]
[WhiteTeam "SV 1934 Ffm-Griesheim"]
[BlackTeam "Wiesbadener SV 1885"]

1. e4 e6 2. d4 d5 3. Nc3 Bb4 4. e5 Ne7 5. Qg4 c5 6. a3 Bxc3+ 7. bxc3 O-O 8. h4
f5 9. Qg3 Nbc6 10. Nf3 Kh8 11. h5 Qb6 12. Rh4 Bd7 13. Kd1 Rac8 14. Ra2 cxd4 15.
Rb2 Qc7 16. cxd4 Na5 17. Ne1 Ba4 18. Rh3 a6 19. Bd2 Nec6 20. Qc3 b5 21. Rh4 Nc4
22. Bxc4 bxc4 23. f4 Rb8 24. Rxb8 Rxb8 25. g4 fxg4 26. Rxg4 Qf7 27. Rg5 h6 28.
Rg6 Ne7 29. Qg3 Nxg6 30. hxg6 Qf5 31. Kc1 Be8 32. Qc3 Bxg6 33. Nf3 Qh3 0-1

[Event "25.Schlosspark-Open"]
[Site "Wiesbaden-Biebrich"]
[Date "2013.08.22"]
[Round "1.23"]
[White "Pioch, Thomas"]
[Black "Meaubert, Thomas"]
[Result "1-0"]
[WhiteElo "2172"]
[BlackElo "1834"]
[PlyCount "55"]
[EventDate "2013.??.??"]
[WhiteTeam "Sfr.Mainz 1928"]
[BlackTeam "Sfr. Hochheim"]

1. e4 e6 2. d3 c5 3. Nf3 Nc6 4. g3 g6 5. Bg2 Bg7 6. O-O Nge7 7. Nbd2 O-O 8. Re1
d6 9. Nf1 Bd7 10. c3 Rc8 11. h4 h5 12. Bg5 f6 13. Be3 Kh7 14. Qd2 Ng8 15. N1h2
Nh6 16. d4 b6 17. Rad1 Nb8 18. dxc5 dxc5 19. Qc1 Qe7 20. e5 fxe5 21. Nxe5 Bxe5
22. Bxh6 Bg7 23. Bxg7 Kxg7 24. Qe3 Nc6 25. Nf3 Rce8 26. Ne5 Nxe5 27. Qxe5+ Kh7
28. Be4 1-0

[Event "25.Schlosspark-Open"]
[Site "Wiesbaden-Biebrich"]
[Date "2013.08.22"]
[Round "1.24"]
[White "Böddeker, Henry"]
[Black "Bauer, Claus"]
[Result "0-1"]
[WhiteElo "1744"]
[BlackElo "2172"]
[PlyCount "76"]
[EventDate "2013.??.??"]
[WhiteTeam "SV 1920 Hofheim"]
[BlackTeam "Sfr.Mainz 1928"]

1. e4 d6 2. d4 Nf6 3. Nc3 e5 4. Nf3 Nbd7 5. Bc4 Be7 6. O-O O-O 7. a4 exd4 8.
Nxd4 Ne5 9. Ba2 Nc6 10. h3 Nb4 11. Bb3 Re8 12. Re1 a6 13. Qf3 c5 14. Nf5 Bxf5
15. Qxf5 c4 16. Bxc4 g6 17. Qf3 Nxc2 18. Rd1 Qc8 19. Nd5 Qxc4 20. Nxe7+ Rxe7
21. Bh6 Ne8 22. Rac1 Qxa4 23. b3 Qxe4 24. Qxe4 Rxe4 25. Rxc2 f6 26. Bc1 Kf7 27.
Ba3 Ke7 28. Rd3 Kd7 29. f3 Re6 30. Kf2 Rc8 31. Rcd2 Rc6 32. Bb4 Nc7 33. Rd4 Nb5
34. Rh4 Re7 35. f4 b6 36. Rd5 Rc2+ 37. Kf3 Rb2 38. Rd3 Rxb3 0-1

[Event "25.Schlosspark-Open"]
[Site "Wiesbaden-Biebrich"]
[Date "2013.08.22"]
[Round "1.25"]
[White "Ruppert, Wolfgang"]
[Black "Ivkin, Michael"]
[Result "1-0"]
[WhiteElo "2167"]
[BlackElo "1822"]
[PlyCount "51"]
[EventDate "2013.??.??"]
[WhiteTeam "SC Flörsheim 1921"]
[BlackTeam "Wiesbadener SV 1885"]

1. e4 e6 2. d4 d5 3. Nc3 dxe4 4. Nxe4 Nf6 5. Bg5 Be7 6. Bxf6 Bxf6 7. Nxf6+ Qxf6
8. Nf3 b6 9. Qd2 Bb7 10. Ne5 O-O 11. f4 Rd8 12. Bd3 Nc6 13. c3 Nxe5 14. fxe5
Qh4+ 15. g3 Qe7 16. O-O c5 17. Rf4 cxd4 18. cxd4 Rd7 19. Raf1 Rf8 20. Rh4 h6
21. Rf6 Rxd4 22. Rxd4 Qc5 23. Rf2 Qxe5 24. Qf4 Qc5 25. b4 Qc3 26. Qxf7+ 1-0

[Event "25.Schlosspark-Open"]
[Site "Wiesbaden-Biebrich"]
[Date "2013.08.22"]
[Round "1.26"]
[White "Siegismund, Florian"]
[Black "Serbu, Eli"]
[Result "0-1"]
[WhiteElo "1813"]
[BlackElo "2164"]
[PlyCount "92"]
[EventDate "2013.??.??"]
[WhiteTeam "SK Bad Schwalbach"]
[BlackTeam "Wiesbadener SV 1885"]

1. d4 Nf6 2. c4 g6 3. Nc3 d5 4. Nf3 Bg7 5. Bg5 Ne4 6. Bf4 Nxc3 7. bxc3 O-O 8.
e3 c5 9. Bd3 Qa5 10. Qb3 cxd4 11. exd4 Nc6 12. O-O dxc4 13. Bxc4 Qf5 14. Bg3
Na5 15. Qb5 Nxc4 16. Qxc4 Be6 17. Qb4 Bd5 18. Qxe7 Bxf3 19. gxf3 Qxf3 20. Qe3
Qd5 21. Rfe1 Rac8 22. Rab1 b6 23. a3 Bf6 24. Be5 Rfe8 25. Qg3 Bxe5 26. dxe5 Rc4
27. Rb4 Qd2 28. Re3 Rc5 29. a4 Qd1+ 30. Kg2 Qd5+ 31. Qf3 Qxf3+ 32. Kxf3 Rexe5
33. Rxe5 Rxe5 34. Rc4 Kg7 35. Rc7 Ra5 36. Rc4 Kf6 37. Rh4 Rc5 38. c4 h5 39. Ke3
Ra5 40. Rf4+ Ke6 41. Kd4 Rxa4 42. Re4+ Kd6 43. h4 b5 44. Kc3 Rxc4+ 45. Rxc4
bxc4 46. Kxc4 Ke5 0-1